Thủy sản Việt Nam

Đã lưu trong:
Bibliografiske detaljer
Format: Bog
Sprog:Undetermined
Udgivet: Hà Nội Trung ương Hội Nghề cá Việt Nam 2019
Fag:
Tags: Tilføj Tag
Ingen Tags, Vær først til at tagge denne postø!
Thư viện lưu trữ: Trung tâm Học liệu Trường Đại học Cần Thơ
LEADER 00548nam a2200181Ia 4500
001 CTU_234345
008 210402s9999 xx 000 0 und d
082 |a 639 
082 |b Th523 
245 0 |a Thủy sản Việt Nam 
245 0 |c Trung ương Hội Nghề cá Việt Nam 
260 |a Hà Nội 
260 |b Trung ương Hội Nghề cá Việt Nam 
260 |c 2019 
650 |a Fish-culture - vietnam 
904 |a Thùy Trang 
904 |i Thùy Trang 
980 |a Trung tâm Học liệu Trường Đại học Cần Thơ